000 00475nam a2200157 a 4500
001 000032704
005 20200930065803.0
008 110725s19-- dr 000 0 spa d
040 _aDO-SdBNP
_bspa
_cBNPHU
082 _axxxx
_bL333o
100 1 _aLarrazábal Blanco, Carlos
_937924
245 1 0 _aOrigen hispano-dominicano de algunas familias caraqueñas.
260 _aCaracas, Venezuela, :
_bImpreso en Italgráfica,
_c[19--].
300 _a46 p. ;
_c24 cm.
049 _aBNPD
999 _c32195
_d32195